Statistics for Most Popular NBA Jerseys Quiz (Extended)

Click here to take the quiz!

General Stats

  • This quiz has been taken 411 times
  • The average score is 38 of 56

Answer Stats

SeasonsPlayer% Correct
2005, 2006, 2007, 2008, 2009, 2010, 2011, 2012, 2013, 2014, 2015, 2016, 2017, 2018, 2019, 2020LeBron James
99%
2014, 2015, 2016, 2017, 2018, 2019, 2020Stephen Curry
99%
2017, 2018, 2019, 2020Giannis
Antetokounmpo
97%
2008, 2010, 2011, 2012, 2013, 2014, 2015, 2016, 2017, 2018, 2019, 2020Kevin Durant
96%
2015, 2016, 2017, 2018, 2019, 2020Damian Lillard
95%
2020Luka Dončić
95%
2014, 2017, 2018, 2019James Harden
94%
2020Jayson Tatum
94%
2013, 2014, 2015, 2016, 2017, 2018, 2019, 2020Kyrie Irving
94%
2013, 2014, 2015, 2016, 2017, 2018, 2019, 2020Russell Westbrook
94%
2020Anthony Davis
93%
2017, 2018, 2019, 2020Jimmy Butler
92%
2018, 2019Joel Embiid
91%
2016, 2017, 2018Klay Thompson
91%
2016, 2017, 2018, 2020Kawhi Leonard
90%
2020Nikola Jokić
90%
2020Ja Morant
89%
2005, 2006, 2007, 2008, 2009, 2010, 2011, 2012, 2013, 2014, 2015, 2016Kobe Bryant
89%
2005, 2006, 2007, 2008, 2009, 2010, 2011, 2012, 2013, 2014, 2015, 2016, 2017, 2019Dwyane Wade
87%
2016Draymond Green
81%
2005, 2006, 2007, 2008, 2009, 2010, 2011, 2012, 2013, 2014, 2015Carmelo Anthony
80%
2006, 2007, 2008, 2012, 2015Dirk Nowitzki
79%
2005, 2006, 2007, 2009, 2011Shaquille O'Neal
79%
2008, 2009, 2010, 2012, 2013, 2014, 2015Chris Paul
78%
2009, 2010, 2011, 2012, 2013, 2014, 2015, 2016, 2017Derrick Rose
78%
2014, 2019Paul George
77%
2005, 2006, 2007, 2014, 2015, 2016Tim Duncan
75%
2018, 2019Ben Simmons
73%
2005, 2008, 2009, 2010, 2011Kevin Garnett
73%
2011, 2012, 2013, 2014, 2015Blake Griffin
69%
2005, 2006, 2007, 2008, 2009, 2010, 2011, 2012, 2013Paul Pierce
69%
2005, 2006, 2007, 2008, 2009Allen Iverson
68%
2006, 2007, 2008, 2009Steve Nash
66%
2011, 2015John Wall
65%
2009, 2011, 2012Ray Allen
63%
2008, 2009, 2010, 2011, 2012, 2013Dwight Howard
61%
2010, 2011, 2012, 2013, 2014Rajon Rondo
56%
2005, 2006, 2007Vince Carter
56%
2020Kemba Walker
54%
2005, 2006, 2007, 2008Tracy McGrady
54%
2016Andre Iguodala
52%
2017Isaiah Thomas
52%
2009, 2010Pau Gasol
52%
2016, 2017, 2018Kristaps Porzingis
51%
2005Yao Ming
49%
2018Lonzo Ball
48%
2006, 2011, 2012, 2013Amar'e Stoudemire
46%
2005, 2006, 2007Ben Wallace
45%
2012Jeremy Lin
42%
2013Deron Williams
41%
2007, 2008Gilbert Arenas
34%
2010Brandon Roy
24%
2009, 2010Nate Robinson
20%
2005, 2006, 2007, 2008Stephon Marbury
17%
2010David Lee
15%
2005Steve Francis
10%

Score Distribution

Percentile by Number Answered

Percent of People with Each Score

Your Score History

You have not taken this quiz